Statistics for David Bowie Albums Tile Select

Click here to take the quiz!

General Stats

  • This quiz has been taken 55 times
  • The average score is 50 of 63

Answer Stats

QuestionTileSelect% Correct
the following songs that are on Hunky Dory (1971).Space OddityNo
100%
the following songs that are on The Rise and Fall of Ziggy Stardust and the Spiders from Mars (1972).Andy WarholNo
96%
the following songs that are on Hunky Dory (1971).ChangesYes
96%
the following songs that are on The Rise and Fall of Ziggy Stardust and the Spiders from Mars (1972).Rock 'n' Roll SuicideYes
96%
the following songs that are on Aladdin Sane (1973).Big BrotherNo
94%
the following songs that are on The Rise and Fall of Ziggy Stardust and the Spiders from Mars (1972).The Bewlay BrothersNo
94%
the following songs that are on Aladdin Sane (1973).Five YearsNo
92%
the following songs that are on The Rise and Fall of Ziggy Stardust and the Spiders from Mars (1972).StarmanYes
92%
the following songs that are on Aladdin Sane (1973).Drive-In SaturdayYes
90%
the following songs that are on Aladdin Sane (1973).I Wish You WouldNo
90%
the following songs that are on Hunky Dory (1971).Life on Mars?Yes
90%
the following songs that are on Hunky Dory (1971).Silly Boy BlueNo
90%
the following songs that are on Hunky Dory (1971).KooksYes
88%
the following songs that are on Aladdin Sane (1973).Lady Grinning SoulYes
88%
the following songs that are on Let's Dance (1983).Loving the AlienNo
88%
the following songs that are on The Rise and Fall of Ziggy Stardust and the Spiders from Mars (1972).Moonage DaydreamYes
88%
the following songs that are on Station to Station (1976).Rebel RebelNo
88%
the following songs that are on Hunky Dory (1971).The Width of a CircleNo
88%
the following songs that are on Hunky Dory (1971).Hang On to YourselfNo
86%
the following songs that are on Hunky Dory (1971).QuicksandYes
86%
the following songs that are on Low (1977).Sound and VisionYes
86%
the following songs that are on Aladdin Sane (1973).The Jean GenieYes
86%
the following songs that are on Scary Monsters (and Super Creeps) (1980).A New Career in a New TownNo
84%
the following songs that are on Scary Monsters (and Super Creeps) (1980).Ashes to AshesYes
84%
the following songs that are on Low (1977).Beauty and the BeastNo
84%
the following songs that are on Let's Dance (1983).Modern LoveYes
84%
the following songs that are on The Rise and Fall of Ziggy Stardust and the Spiders from Mars (1972).The Prettiest StarNo
84%
the following songs that are on Station to Station (1976).Look Back in AngerNo
82%
the following songs that are on Station to Station (1976).Sons of the Silent AgeNo
82%
the following songs that are on Low (1977).StayNo
82%
the following songs that are on The Rise and Fall of Ziggy Stardust and the Spiders from Mars (1972).Suffragette CityYes
82%
the following songs that are on Let's Dance (1983).Tumble and TwirlNo
82%
the following songs that are on Station to Station (1976).TVC 15Yes
82%
the following songs that are on Hunky Dory (1971).Oh! You Pretty ThingsYes
80%
the following songs that are on Station to Station (1976).Sense of DoubtNo
80%
the following songs that are on The Rise and Fall of Ziggy Stardust and the Spiders from Mars (1972).Soul LoveYes
80%
the following songs that are on Low (1977).WarszawaYes
80%
the following songs that are on Let's Dance (1983).Absolute BeginnersNo
78%
the following songs that are on Low (1977).The Secret Life of ArabiaNo
78%
the following songs that are on Low (1977).Breaking GlassYes
76%
the following songs that are on Scary Monsters (and Super Creeps) (1980).FashionYes
76%
the following songs that are on Station to Station (1976).Word on a WingYes
76%
the following songs that are on Aladdin Sane (1973).FameNo
74%
the following songs that are on Station to Station (1976).Golden YearsYes
74%
the following songs that are on Aladdin Sane (1973).TimeYes
74%
the following songs that are on Let's Dance (1983).Time Will CrawlNo
74%
the following songs that are on Station to Station (1976).Always Crashing in the Same CarNo
72%
the following songs that are on Low (1977).Be My WifeYes
70%
the following songs that are on Scary Monsters (and Super Creeps) (1980).Boys Keep SwingingNo
70%
the following songs that are on The Rise and Fall of Ziggy Stardust and the Spiders from Mars (1972).It Ain't EasyYes
70%
the following songs that are on Scary Monsters (and Super Creeps) (1980).Speed of LifeNo
70%
the following songs that are on Aladdin Sane (1973).Panic in DetroitYes
68%
the following songs that are on Station to Station (1976).Wild is the WindYes
68%
the following songs that are on Let's Dance (1983).Blue JeanNo
66%
the following songs that are on Let's Dance (1983).Criminal WorldYes
66%
the following songs that are on Let's Dance (1983).RicochetYes
66%
the following songs that are on Scary Monsters (and Super Creeps) (1980).Teenage WildlifeYes
66%
the following songs that are on Low (1977).Weeping WallYes
64%
the following songs that are on Low (1977).What in the WorldYes
56%
the following songs that are on Scary Monsters (and Super Creeps) (1980).Because You're YoungYes
54%
the following songs that are on Scary Monsters (and Super Creeps) (1980).It's No GameYes
50%
the following songs that are on Scary Monsters (and Super Creeps) (1980).Kingdom ComeYes
50%
the following songs that are on Let's Dance (1983).Without YouYes
50%

Score Distribution

Percentile by Number Answered

Percent of People with Each Score

Your Score History

You have not taken this quiz